000
003240000a22001450004500
003
LK-CoMWRAF
008
230817t ||||| |||| 00| 0 eng d
040
_a
LK-CoMWRAF
_d
LK-CoMWRAF
_e
LK-CoMWRAF
041
_a
eng
245
_a
Paravatham
_b
260
_a
Colombo
_b
SSA
_c
2002
300
_a
p.166
490
_a
No-1
942
_c
BK
999
_c
401
_d
401